Kendji Girac - Statistiques

Statistiques générales
  • Ce quiz a été pris 89 fois
  • Le résultat moyen est 9 sur 12
Statistiques - réponses
Question Réponse % Correct
A-t-il remporté la saison 3 de "The Voice"? oui
100%
Est-il le meilleur des gitans ? oui
100%
Est-il le goat de la musique ? oui
100%
Combien d'enfants a-t-il ? 2
91%
Complétez les paroles : "Toi, toi, ma belle ..." Andalouse
91%
Quel instrument joue-t-il ? guitare
90%
De quel peuple vient-il ? gitan
87%
Quelle chanson a-t-il chanté aux auditions à l'aveugle ? Bella
65%
Quel est son premier titre ? color gitano
54%
Quel le nom de famille de Kendji Girac ? Maillé
42%
Sur quelle partie du corps s'est-il tiré dessus ? thorax
17%
Quel âge a-t-il ? 28 ans
13%
Aucun quiz correspondant
Distribution des résultats
% des personnes avec chaque résultat
Percentile par nombre de réponses
Votre historique - résultats
Vous n’avez pas pris ce quiz